[Event "Feffernitz op 28th"]
[Site "Feffernitz"]
[Date "2019.08.18"]
[Round "2"]
[White "Acimovic, Radivoje"]
[Black "Saxer, Bernhard"]
[Result "1-0"]
[WhiteElo "2103"]
[BlackElo "1867"]
[PlyCount "24"]
[EventDate "2019.08.18"]
[EventType "swiss"]
[EventRounds "9"]
[EventCountry "AUT"]
[SourceTitle "EXT 2020"]
[Source "ChessBase"]
[SourceDate "2019.10.17"]
[SourceVersion "1"]
[SourceVersionDate "2019.10.17"]
[SourceQuality "1"]

1. e4 c5 2. Nf3 d6 3. d4 cxd4 4. Nxd4 Nf6 5. Nc3 g6 6. Be3 Bg7 7. f3 0-0 8. Qd2 Nc6 9. 0-0-0 Nxd4 10. Bxd4 Be6 11. Kb1 d5 12. exd5 Nxd5 1-0

[Event "Feffernitz op 26th"]
[Site "Feffernitz"]
[Date "2017.08.27"]
[Round "9"]
[White "Kobas, Mihael"]
[Black "Saxer, Bernhard"]
[Result "1-0"]
[WhiteElo "1982"]
[BlackElo "1901"]
[PlyCount "111"]
[EventDate "2017.08.20"]
[EventType "swiss"]
[EventRounds "9"]
[EventCountry "AUT"]
[SourceTitle "CBM 180 Extra"]
[Source "ChessBase"]
[SourceDate "2017.10.06"]
[SourceVersion "1"]
[SourceVersionDate "2017.10.06"]
[SourceQuality "1"]

1. d4 Nf6 2. c4 e6 3. Nc3 d5 4. cxd5 exd5 5. Bg5 Nbd7 6. e3 h6 7. Bh4 Be7 8. Bd3 0-0 9. Qc2 a6 10. Nge2 b5 11. a3 c5 12. dxc5 Nxc5 13. 0-0 Nxd3 14. Qxd3 g5 15. Bg3 Bc5 16. Be5 Ng4 17. Bg3 Re8 18. Qxd5 Qxd5 19. Nxd5 Rd8 20. Rfd1 Bb7 21. Nec3 Rac8 22. h3 Bxd5 23. Nxd5 Rxd5 24. Rxd5 Nf6 25. Rdd1 Ne4 26. Be5 f6 27. Bd4 Bxd4 28. Rxd4 f5 29. f3 Ng3 30. Kf2 Nh5 31. Rad1 Kf7 32. R1d2 f4 33. e4 Ng3 34. Rd1 Rc2+ 35. R4d2 Rc4 36. Ke1 Ke6 37. Rb1 Ke7 38. Rbd1 Ke6 39. Rd6+ Ke7 40. Rd7+ Ke8 41. Rd8+ Ke7 42. R1d7+ Ke6 43. Kd1 Nf1 44. Rd3 Ke7 45. R8d5 Ne3+ 46. Rxe3 fxe3 47. Rd3 e2+ 48. Kxe2 Rc1 49. Rd2 Rg1 50. Kf2 Rc1 51. Kg3 Rc6 52. h4 Rg6 53. hxg5 Rxg5+ 54. Kf4 Ke6 55. g4 Rc5 56. Rh2 1-0

[Event "Feffernitz op 25th"]
[Site "Feffernitz"]
[Date "2016.08.27"]
[Round "8"]
[White "Saxer, Bernhard"]
[Black "Goeslbauer, Harald"]
[Result "0-1"]
[WhiteElo "1947"]
[BlackElo "1808"]
[PlyCount "58"]
[EventDate "2016.08.21"]
[EventType "swiss"]
[EventRounds "9"]
[EventCountry "AUT"]
[SourceTitle "CBM 174 Extra"]
[Source "ChessBase"]
[SourceDate "2016.10.10"]
[SourceVersion "1"]
[SourceVersionDate "2016.10.10"]
[SourceQuality "1"]

1. e4 c6 2. Nf3 d5 3. Nc3 Bg4 4. exd5 cxd5 5. Bb5+ Nc6 6. h3 Bh5 7. g4 Bg6 8. Ne5 Rc8 9. h4 f6 10. h5 Bxc2 11. Nxc6 bxc6 12. Qxc2 cxb5 13. Qb3 e6 14. Nxb5 Qd7 15. Nd4 Bc5 16. Qd3 Ne7 17. Nb3 Bb6 18. Qe2 e5 19. d3 Qc6 20. 0-0 0-0 21. d4 e4 22. Be3 Qc2 23. Rfe1 Qxe2 24. Rxe2 f5 25. gxf5 Nxf5 26. Kh2 Nh4 27. Kh3 Nf3 28. Rc1 Rxc1 29. Bxc1 Ng1+ 0-1

[Event "Feffernitz op 25th"]
[Site "Feffernitz"]
[Date "2016.08.22"]
[Round "3"]
[White "Tscharnuter, Alexandra"]
[Black "Saxer, Bernhard"]
[Result "1-0"]
[WhiteElo "1665"]
[BlackElo "1947"]
[PlyCount "79"]
[EventDate "2016.08.21"]
[EventType "swiss"]
[EventRounds "9"]
[EventCountry "AUT"]
[SourceTitle "CBM 174 Extra"]
[Source "ChessBase"]
[SourceDate "2016.10.10"]
[SourceVersion "1"]
[SourceVersionDate "2016.10.10"]
[SourceQuality "1"]

1. e4 e5 2. Nf3 d6 3. d4 exd4 4. Nxd4 Nf6 5. Nc3 Be7 6. Be2 0-0 7. 0-0 Re8 8. f4 Bf8 9. Bf3 c6 10. Re1 Nfd7 11. Be3 Nb6 12. b3 Na6 13. Qd2 Nc7 14. Rad1 d5 15. Nde2 Bb4 16. exd5 Nbxd5 17. Bf2 Bf5 18. a3 Rxe2 19. Rxe2 Bxc3 20. Qc1 Qf6 21. Rf1 Bb2 22. Qd2 Bxa3 23. Bd4 Qh6 24. Re5 Qg6 25. g4 Bxg4 26. Rg5 Qd6 27. Rxg7+ Kf8 28. Rxg4 Nf6 29. Rg2 Rd8 30. Be3 Qe7 31. Qe2 Ncd5 32. Bxd5 Rxd5 33. Bxa7 Qd7 34. Ra1 Be7 35. Bb6 Rd6 36. Ra8+ Ne8 37. Ra1 Re6 38. Qd2 Rd6 39. Qe2 Re6 40. Qg4 1-0

[Event "Feffernitz op 24th"]
[Site "Feffernitz"]
[Date "2015.08.23"]
[Round "9"]
[White "Kobas, Mihael"]
[Black "Saxer, Bernhard"]
[Result "1/2-1/2"]
[WhiteElo "1936"]
[BlackElo "1864"]
[PlyCount "24"]
[EventDate "2015.08.16"]
[EventType "swiss"]
[EventRounds "9"]
[EventCountry "AUT"]
[SourceTitle "EXT 2016"]
[Source "ChessBase"]
[SourceDate "2015.10.08"]
[SourceVersion "1"]
[SourceVersionDate "2015.10.08"]
[SourceQuality "1"]

1. d4 Nf6 2. c4 e6 3. Nc3 d5 4. cxd5 exd5 5. Bg5 Be7 6. e3 c6 7. Qc2 Na6 8. a3 Bd7 9. Nf3 Nc7 10. Bd3 Ne6 11. Bh4 Ng4 12. Bxe7 Qxe7 1/2-1/2

[Event "Latschach op 30th"]
[Site "Latschach"]
[Date "2014.08.09"]
[Round "1"]
[White "Wegerer, Fred"]
[Black "Saxer, Bernhard"]
[Result "1-0"]
[WhiteElo "2137"]
[BlackElo "1871"]
[PlyCount "127"]
[EventDate "2014.08.09"]
[EventType "swiss"]
[EventRounds "9"]
[EventCountry "AUT"]
[SourceTitle "CBM 161 Extra"]
[Source "ChessBase"]
[SourceDate "2014.08.29"]
[SourceVersion "1"]
[SourceVersionDate "2014.08.29"]
[SourceQuality "1"]

1. c4 Nf6 2. Nc3 g6 3. g3 d5 4. cxd5 Nxd5 5. Bg2 Nb6 6. h4 Bg7 7. h5 Nc6 8. d3 Bg4 9. Bxc6+ bxc6 10. f3 Be6 11. Nh3 Qd6 12. Nf4 0-0-0 13. Bd2 Be5 14. Ne4 Qd7 15. Qc2 Bd5 16. Nc5 Qd6 17. e4 g5 18. Nh3 Bd4 19. Nxg5 Qxg3+ 20. Kd1 h6 21. exd5 hxg5 22. Kc1 Rxd5 23. Ne4 Qxf3 24. Rd1 Rxh5 25. Qxc6 Qxd3 26. Nc3 Rh2 27. a4 Rc5 28. Qe8+ Kb7 29. a5 Nc8 30. a6+ Kb8 31. Ra3 Bxc3 32. bxc3 Rb5 33. Ra1 f5 34. Qc6 Rb6 35. Qa4 g4 36. Be1 Qe3+ 37. Bd2 Qe5 38. Rb1 Rhh6 39. Bxh6 Qxc3+ 40. Qc2 Qa3+ 41. Rb2 Qa1+ 42. Qb1 Qxa6 43. Rxb6+ Qxb6 44. Bf4 Qxb1+ 45. Kxb1 Nd6 46. Rd5 e6 47. Re5 Kb7 48. Rxe6 Kc6 49. Rf6 Kd5 50. Kc2 Ke4 51. Bh2 Kf3 52. Bxd6 cxd6 53. Rxf5+ Ke4 54. Rg5 Kf4 55. Rg7 a5 56. Kd3 Kf3 57. Rf7+ Kg2 58. Ke2 g3 59. Ra7 Kh2 60. Kf3 g2 61. Rh7+ Kg1 62. Rg7 Kf1 63. Rxg2 Ke1 64. Ke3 1-0

[Event "Feffernitz Raika op 20th"]
[Site "Feffernitz"]
[Date "2011.08.25"]
[Round "6"]
[White "Saxer, Bernhard"]
[Black "Kejzar, Petra"]
[Result "0-1"]
[WhiteElo "1956"]
[BlackElo "1581"]
[PlyCount "66"]
[EventDate "2011.08.21"]
[EventType "swiss"]
[EventRounds "9"]
[EventCountry "AUT"]
[SourceTitle "CBM 144 Extra"]
[Source "ChessBase"]
[SourceDate "2011.10.28"]
[SourceVersion "1"]
[SourceVersionDate "2011.10.28"]
[SourceQuality "1"]

1. e4 c5 2. Nf3 Nc6 3. d4 cxd4 4. Nxd4 Nf6 5. Nc3 e5 6. Ndb5 d6 7. Nd5 Nxd5 8. exd5 Ne7 9. Be2 a6 10. Nc3 Ng6 11. 0-0 Be7 12. Bf3 0-0 13. g3 Bg5 14. Bxg5 Qxg5 15. Ne4 Qe7 16. Bg2 f5 17. Nd2 f4 18. Ne4 Bf5 19. Qh5 Qd7 20. Qe2 Rad8 21. c4 h6 22. Rac1 Bh3 23. f3 fxg3 24. hxg3 Bxg2 25. Qxg2 Ne7 26. Rc3 Nf5 27. Qd2 Nd4 28. Rf2 Qf5 29. Kf1 Nxf3 30. Qe3 Qh3+ 31. Ke2 Nd4+ 32. Kd2 Rxf2+ 33. Nxf2 Qg2 0-1

[Event "Latschach op 27th"]
[Site "Latschach"]
[Date "2011.08.17"]
[Round "6"]
[White "Fiorido, Giuseppe"]
[Black "Saxer, Bernhard"]
[Result "1/2-1/2"]
[WhiteElo "2124"]
[BlackElo "1956"]
[PlyCount "29"]
[EventDate "2011.08.13"]
[EventType "swiss"]
[EventRounds "9"]
[EventCountry "AUT"]
[SourceTitle "CBM 143 Extra"]
[Source "ChessBase"]
[SourceDate "2011.08.29"]
[SourceVersion "1"]
[SourceVersionDate "2011.08.29"]
[SourceQuality "1"]

1. e4 e5 2. Nf3 d6 3. d4 exd4 4. Qxd4 Nf6 5. Bg5 Be7 6. Nc3 0-0 7. 0-0-0 c5 8. Qd2 Nc6 9. Bxf6 Bxf6 10. Nd5 Be6 11. Nxf6+ Qxf6 12. Qg5 Qd8 13. Qxd8 Raxd8 14. Bb5 Nb4 15. a3 1/2-1/2

[Event "Latschach op 27th"]
[Site "Latschach"]
[Date "2011.08.14"]
[Round "2"]
[White "Saxer, Bernhard"]
[Black "Saathoff, Richard"]
[Result "0-1"]
[WhiteElo "1956"]
[BlackElo "2144"]
[PlyCount "94"]
[EventDate "2011.08.13"]
[EventType "swiss"]
[EventRounds "9"]
[EventCountry "AUT"]
[SourceTitle "CBM 143 Extra"]
[Source "ChessBase"]
[SourceDate "2011.08.29"]
[SourceVersion "1"]
[SourceVersionDate "2011.08.29"]
[SourceQuality "1"]

1. e4 e5 2. Nf3 Nc6 3. Nc3 Nf6 4. Bc4 Nxe4 5. Nxe4 d5 6. Bd3 dxe4 7. Bxe4 Bd6 8. 0-0 0-0 9. Re1 Qf6 10. d3 h6 11. c3 Bd7 12. Be3 Rfe8 13. Nd2 Rad8 14. Bf3 Bf8 15. Ne4 Qg6 16. Bh5 Qe6 17. Qc2 Qf5 18. Bf3 Qg6 19. Bc5 Ne7 20. Ng3 b6 21. Bh5 Qf6 22. Be3 Nf5 23. Ne4 Qc6 24. Qe2 g6 25. Bf3 Nh4 26. d4 Nxf3+ 27. Qxf3 Bf5 28. d5 Bxe4 29. dxc6 Bxf3 30. gxf3 Re6 31. Rad1 Red6 32. Rxd6 Rxd6 33. f4 e4 34. Bd4 f5 35. f3 exf3 36. Re8 Kf7 37. Ra8 Rxc6 38. Rxa7 Bd6 39. Be3 g5 40. fxg5 f4 41. g6+ Kxg6 42. Bd4 Kf5 43. Ra8 Be7 44. Kf2 Ke4 45. Re8 Re6 46. Kg1 Kf5 47. Bg7 f2+ 0-1

[Event "St Veit op-B 29th"]
[Site "St Veit"]
[Date "2010.07.14"]
[Round "5"]
[White "Gallob, Josef"]
[Black "Saxer, Bernhard"]
[Result "1-0"]
[WhiteElo "1922"]
[BlackElo "1970"]
[PlyCount "63"]
[EventDate "2010.07.10"]
[EventType "swiss"]
[EventRounds "9"]
[EventCountry "AUT"]
[SourceTitle "EXT 2011"]
[Source "ChessBase"]
[SourceDate "2010.11.26"]
[SourceVersion "1"]
[SourceVersionDate "2010.11.26"]
[SourceQuality "1"]

1. Nf3 d5 2. c4 e6 3. g3 Nf6 4. Bg2 Bd6 5. 0-0 0-0 6. b3 c6 7. Bb2 Nbd7 8. d4 Re8 9. Ne5 Ne4 10. f3 Nxe5 11. dxe5 Bc5+ 12. Bd4 dxc4 13. e3 c3 14. Bxc5 Nxc5 15. Nxc3 Qb6 16. Qe2 Rd8 17. Rfd1 Bd7 18. Rd6 Be8 19. Rad1 Rxd6 20. Rxd6 a5 21. Qd2 Kf8 22. Qd4 Qb4 23. Qd2 a4 24. Rd4 Qb6 25. b4 Nd7 26. f4 f5 27. a3 Qc7 28. Rd6 Ke7 29. Qd4 Rd8 30. Qc4 Nf8 31. Qc5 Rxd6 32. Nb5 1-0

[Event "Feffernitz Raika op 18th"]
[Site "Feffernitz"]
[Date "2009.08.23"]
[Round "9"]
[White "Saxer, Bernhard"]
[Black "Scheiber, Stefan"]
[Result "0-1"]
[WhiteElo "2014"]
[BlackElo "1763"]
[PlyCount "91"]
[EventDate "2009.08.16"]
[EventType "swiss"]
[EventRounds "9"]
[EventCountry "AUT"]
[SourceTitle "CBM 131 Extra"]
[Source "ChessBase"]
[SourceDate "2009.09.03"]
[SourceVersion "2"]
[SourceVersionDate "2009.09.16"]
[SourceQuality "1"]

1. e4 d5 2. exd5 Nf6 3. d4 Nxd5 4. Nf3 Bg4 5. c4 Nb6 6. Be2 e6 7. Nc3 c6 8. b3 Be7 9. Bb2 N8d7 10. 0-0 0-0 11. Re1 c5 12. Ne4 cxd4 13. Qxd4 Nf6 14. Qe5 Nbd7 15. Qf4 Bf5 16. Ng3 Bg6 17. Rad1 Qb8 18. Qxb8 Raxb8 19. Nh4 Bc2 20. Rd2 Bb4 21. Rxc2 Bxe1 22. Ba3 Rfd8 23. Bd6 Rbc8 24. b4 a5 25. a3 Rc6 26. c5 Rdc8 27. Rc4 axb4 28. axb4 Rxd6 29. cxd6 Rxc4 30. Bxc4 Bxb4 31. Nf3 Bxd6 32. Ng5 Bxg3 33. hxg3 Ne5 34. Bb3 h6 35. Nf3 Nxf3+ 36. gxf3 Nd5 37. Kf1 Kf8 38. Ke2 Ke7 39. Kd3 Kd6 40. Kd4 g5 41. Ba2 h5 42. Bc4 h4 43. Bf1 f5 44. f4 hxg3 45. fxg5 e5+ 46. Kd3 0-1

[Event "Feffernitz Raika op 18th"]
[Site "Feffernitz"]
[Date "2009.08.19"]
[Round "5"]
[White "Saxer, Bernhard"]
[Black "Scharler, Walter"]
[Result "1/2-1/2"]
[WhiteElo "2014"]
[BlackElo "1815"]
[PlyCount "92"]
[EventDate "2009.08.16"]
[EventType "swiss"]
[EventRounds "9"]
[EventCountry "AUT"]
[SourceTitle "CBM 131 Extra"]
[Source "ChessBase"]
[SourceDate "2009.09.03"]
[SourceVersion "2"]
[SourceVersionDate "2009.09.16"]
[SourceQuality "1"]

1. d4 d6 2. e4 Nf6 3. Nc3 Nbd7 4. f4 e5 5. dxe5 dxe5 6. fxe5 Nxe5 7. Qxd8+ Kxd8 8. Nf3 Nxf3+ 9. gxf3 Bb4 10. Bd2 c6 11. 0-0-0 Ke8 12. Rg1 Kf8 13. a3 Bc5 14. Rg5 Be7 15. Ne2 h6 16. Rg1 a5 17. Bc3 Ne8 18. f4 Rg8 19. Ng3 g6 20. Kb1 Nf6 21. Be2 Be6 22. a4 Rg7 23. Be5 Rg8 24. c4 Ng4 25. Bxg4 Bxg4 26. Rd3 f5 27. exf5 h5 28. f6 Bc5 29. Re1 h4 30. Ne4 Bb4 31. Ree3 Bf5 32. Kc1 g5 33. c5 gxf4 34. Bxf4 Rg1+ 35. Rd1 Rxd1+ 36. Kxd1 Bxe4 37. Bd6+ Kf7 38. Rxe4 Kxf6 39. Ke2 Rg8 40. Kf3 h3 41. Rf4+ Ke6 42. Rg4 Rh8 43. Ke4 Rh6 44. Kd3 Rh5 45. Re4+ Kd5 46. Rd4+ Ke6 1/2-1/2

[Event "Feffernitz Raika op 18th"]
[Site "Feffernitz"]
[Date "2009.08.18"]
[Round "4"]
[White "Pongrac, Alojzija"]
[Black "Saxer, Bernhard"]
[Result "1/2-1/2"]
[WhiteElo "1823"]
[BlackElo "2014"]
[PlyCount "75"]
[EventDate "2009.08.16"]
[EventType "swiss"]
[EventRounds "9"]
[EventCountry "AUT"]
[SourceTitle "CBM 131 Extra"]
[Source "ChessBase"]
[SourceDate "2009.09.03"]
[SourceVersion "2"]
[SourceVersionDate "2009.09.16"]
[SourceQuality "1"]

1. e4 e5 2. Nf3 d6 3. h3 Nf6 4. Nc3 Be7 5. Bc4 0-0 6. d3 c6 7. Bb3 Nbd7 8. Bg5 Nc5 9. Bxf6 Bxf6 10. Ne2 Be6 11. Ng3 g6 12. Bxe6 Nxe6 13. 0-0 Qb6 14. b3 Rad8 15. Rb1 Rd7 16. Ne2 Rfd8 17. Qc1 Rc8 18. Qe3 Qd8 19. Nh2 Bg7 20. Kh1 d5 21. f3 Qa5 22. a4 d4 23. Qc1 Qc7 24. Qe1 a6 25. Qh4 Qd8 26. Qxd8+ Rdxd8 27. f4 exf4 28. Nxf4 Nxf4 29. Rxf4 b5 30. Ra1 Rc7 31. Rf2 c5 32. axb5 axb5 33. Ra5 Rb8 34. Nf3 f6 35. Re2 Kf7 36. g4 Ke6 37. Ra6+ Kd7 38. e5 1/2-1/2

[Event "Feffernitz Raika op 18th"]
[Site "Feffernitz"]
[Date "2009.08.16"]
[Round "2"]
[White "Novak, Pavel"]
[Black "Saxer, Bernhard"]
[Result "1-0"]
[WhiteElo "1973"]
[BlackElo "2014"]
[PlyCount "77"]
[EventDate "2009.08.16"]
[EventType "swiss"]
[EventRounds "9"]
[EventCountry "AUT"]
[SourceTitle "CBM 131 Extra"]
[Source "ChessBase"]
[SourceDate "2009.09.03"]
[SourceVersion "2"]
[SourceVersionDate "2009.09.16"]
[SourceQuality "1"]

1. e4 e5 2. Nf3 d6 3. d4 exd4 4. Nxd4 Nf6 5. Nc3 Be7 6. Bf4 0-0 7. Qd2 a6 8. 0-0-0 b5 9. f3 c5 10. Nf5 Bxf5 11. exf5 Nc6 12. g4 b4 13. Nd5 Nxd5 14. Qxd5 Bg5 15. Qd2 Bxf4 16. Qxf4 d5 17. g5 Nd4 18. f6 Qa5 19. fxg7 Rfe8 20. Rxd4 cxd4 21. Bd3 Re6 22. Qh4 Kxg7 23. Qxh7+ Kf8 24. g6 Ke7 25. Qxf7+ Kd6 26. Qf4+ Kc5 27. Kb1 b3 28. axb3 Re1+ 29. Rxe1 Qxe1+ 30. Qc1 Qf2 31. Ka2 Qxf3 32. Qe1 Qf6 33. h4 a5 34. Qg3 Qg7 35. h5 a4 36. b4+ Kc6 37. b5+ Kc5 38. h6 Qa7 39. g7 1-0

[Event "AUT-ch"]
[Site "Jenbach"]
[Date "2009.07.28"]
[Round "4"]
[White "Steinbacher, Thomas"]
[Black "Saxer, Bernhard"]
[Result "0-1"]
[WhiteElo "2059"]
[BlackElo "2014"]
[PlyCount "124"]
[EventDate "2009.07.25"]
[EventType "swiss"]
[EventRounds "9"]
[EventCountry "AUT"]
[SourceTitle "CBM 131 Extra"]
[Source "ChessBase"]
[SourceDate "2009.09.03"]
[SourceVersion "2"]
[SourceVersionDate "2009.09.16"]
[SourceQuality "1"]

1. d4 Nf6 2. Nc3 d5 3. Bg5 c5 4. Bxf6 gxf6 5. e3 e6 6. Qh5 cxd4 7. exd4 Nc6 8. 0-0-0 Bd7 9. Nge2 Qa5 10. h4 b5 11. Nf4 Ne7 12. Bxb5 Bxb5 13. Nxe6 Bd7 14. Rhe1 Bxe6 15. Rxe6 0-0-0 16. Qxf7 Ng6 17. Rc6+ Kb8 18. g3 Bb4 19. h5 Ne7 20. Rxf6 Rc8 21. Rd3 Rc7 22. Qe6 Rhc8 23. Rff3 Bxc3 24. bxc3 Qxa2 25. Kd2 Qa5 26. Qd6 Ka8 27. g4 Nc6 28. Ke2 Rd8 29. Qh6 Qb5 30. Rf6 Qa4 31. Kf1 Na5 32. Kg2 Qd7 33. f3 Nc4 34. Rd1 Re8 35. Kh3 Qe7 36. Qf4 Rb7 37. Ra1 Qe2 38. Rf8 Rxf8 39. Qxf8+ Rb8 40. Qf7 Rb7 41. Qxd5 Ne3 42. Qe4 Qg2+ 43. Kh4 Qh2+ 44. Kg5 h6+ 45. Kxh6 Qd6+ 46. Kg5 Nd5 47. Kh4 Qh2+ 48. Kg5 Qd6 49. Qe8+ Rb8 50. Qe5 Qd8+ 51. Kf5 Rb5 52. Qg7 Rb7 53. Qh6 Rf7+ 54. Ke4 Nxc3+ 55. Ke3 Qe8+ 56. Kd2 Qe2+ 57. Kxc3 Rc7+ 58. Kb4 Qc4+ 59. Ka3 Qc3+ 60. Ka2 Qxc2+ 61. Ka3 Rc3+ 62. Kb4 Qb2+ 0-1

[Event "AUT-ch"]
[Site "Jenbach"]
[Date "2009.07.27"]
[Round "3"]
[White "Saxer, Bernhard"]
[Black "Hoebarth, Guenter"]
[Result "1/2-1/2"]
[WhiteElo "2014"]
[BlackElo "2005"]
[PlyCount "114"]
[EventDate "2009.07.25"]
[EventType "swiss"]
[EventRounds "9"]
[EventCountry "AUT"]
[SourceTitle "CBM 131 Extra"]
[Source "ChessBase"]
[SourceDate "2009.09.03"]
[SourceVersion "2"]
[SourceVersionDate "2009.09.16"]
[SourceQuality "1"]

1. d4 Nf6 2. c4 c5 3. d5 e5 4. Nc3 d6 5. e4 a6 6. Nf3 Be7 7. Bd3 Nbd7 8. h3 0-0 9. Be3 Ne8 10. g4 Rb8 11. a4 g6 12. Qd2 Ng7 13. Bh6 Nf6 14. Ke2 Bd7 15. Rag1 b5 16. axb5 axb5 17. cxb5 Qb6 18. Ra1 Rfc8 19. b3 Nge8 20. Ra6 Qd8 21. Rha1 Nc7 22. R6a5 Qe8 23. Bg5 Nxb5 24. Bxf6 Nxc3+ 25. Qxc3 Bxf6 26. Ra7 Rb4 27. R1a6 Be7 28. Nd2 Rcb8 29. Bc4 Kg7 30. f4 Bc8 31. Ra1 f6 32. f5 Kh8 33. Qg3 Bd7 34. fxg6 hxg6 35. Qh4+ Kg7 36. Qg3 R4b7 37. R7a2 Bb5 38. Kf2 Qd8 39. Kg2 Bxc4 40. bxc4 Rb2 41. Qc3 Qb6 42. Kg3 Rb7 43. Qe3 Qb4 44. Rxb2 Qxb2 45. Rb1 Qxb1 46. Nxb1 Rxb1 47. Qa3 Kf7 48. Qa6 Rb3+ 49. Kg2 Rb2+ 50. Kf1 Rb3 51. Qc8 Rxh3 52. Qe6+ Kf8 53. g5 Rf3+ 54. Ke2 Rf4 55. gxf6 Rxf6 56. Qc8+ Kg7 57. Qe6 Rf7 1/2-1/2

[Event "Graz op-A"]
[Site "Graz"]
[Date "2008.09.05"]
[Round "7"]
[White "Nickl, Klaus"]
[Black "Saxer, Bernhard"]
[Result "1-0"]
[WhiteElo "2162"]
[BlackElo "2008"]
[PlyCount "87"]
[EventDate "2008.08.30"]
[EventType "swiss"]
[EventRounds "9"]
[EventCountry "AUT"]
[SourceTitle "CBM 126 Extra"]
[Source "ChessBase"]
[SourceDate "2008.11.05"]
[SourceVersion "1"]
[SourceVersionDate "2008.11.05"]
[SourceQuality "1"]

1. d4 Nf6 2. Bg5 e6 3. e4 h6 4. Bxf6 Qxf6 5. c3 d6 6. Bd3 g6 7. Ne2 Bg7 8. 0-0 Qe7 9. f4 c5 10. dxc5 dxc5 11. e5 Bd7 12. Nd2 Bc6 13. Nc4 0-0 14. a4 Na6 15. Ng3 Rad8 16. Qe2 Nc7 17. Na5 Nd5 18. Nxc6 bxc6 19. Ne4 a5 20. Rad1 Qa7 21. Bc4 Rb8 22. Rd2 Nb6 23. b3 Nd5 24. Rf3 f6 25. exf6 Bxf6 26. Nxf6+ Rxf6 27. Qe5 Rbf8 28. Rdf2 Qd7 29. h4 Rf5 30. Qe4 Qd6 31. g3 Kh8 32. Rd2 g5 33. hxg5 hxg5 34. Rh2+ Kg7 35. Rd3 Rh8 36. Rxh8 Kxh8 37. g4 Qxf4 38. Qh1+ Kg7 39. gxf5 Qc1+ 40. Kh2 Qf4+ 41. Rg3 Qh4+ 42. Rh3 Qf4+ 43. Kg1 Qg4+ 44. Kf2 1-0

[Event "Graz op-A"]
[Site "Graz"]
[Date "2008.09.03"]
[Round "5"]
[White "Schreiner, Peter"]
[Black "Saxer, Bernhard"]
[Result "1/2-1/2"]
[WhiteElo "2137"]
[BlackElo "2008"]
[PlyCount "118"]
[EventDate "2008.08.30"]
[EventType "swiss"]
[EventRounds "9"]
[EventCountry "AUT"]
[SourceTitle "CBM 126 Extra"]
[Source "ChessBase"]
[SourceDate "2008.11.05"]
[SourceVersion "1"]
[SourceVersionDate "2008.11.05"]
[SourceQuality "1"]

1. e4 e5 2. Nf3 d6 3. d4 exd4 4. Nxd4 Nf6 5. Nc3 Be7 6. f3 0-0 7. Be3 c6 8. Qd2 d5 9. e5 Nfd7 10. e6 Nf6 11. exf7+ Rxf7 12. Nb3 a5 13. a4 Bb4 14. Be2 Qe7 15. Bg5 Na6 16. 0-0 Nc5 17. Nd4 Ne6 18. Nxe6 Bxe6 19. Kh1 Re8 20. Qd1 Qc7 21. Qd4 Bd6 22. g3 Bh3 23. Rfe1 Be5 24. Qd2 d4 25. Nd1 h6 26. Bxf6 Rxf6 27. Nf2 Be6 28. Ne4 Rff8 29. f4 Bd5 30. Bd3 Bf6 31. Kg1 Bxe4 32. Bxe4 Qb6 33. Qd3 Kh8 34. b3 Qb4 35. Re2 Qc3 36. Qxc3 dxc3 37. Rd1 Rd8 38. Bd3 Rfe8 39. Rde1 Rxe2 40. Rxe2 Kg8 41. Kg2 Kf8 42. Kf3 Rd6 43. Kg4 Rd5 44. Kf3 Rd6 45. h3 Rd8 46. Kg4 Rd5 47. Bg6 Be7 48. h4 b5 49. Re4 bxa4 50. bxa4 Rc5 51. Kf3 Rd5 52. g4 c5 53. g5 hxg5 54. hxg5 Rd4 55. Kg4 Rxe4 56. Bxe4 Bd6 57. f5 Be5 58. Bd5 Bd4 59. Bc4 Be5 1/2-1/2

[Event "St Veit op-B 27th"]
[Site "St Veit"]
[Date "2008.07.11"]
[Round "?"]
[White "Wilfling, Sandra"]
[Black "Saxer, Bernhard"]
[Result "0-1"]
[WhiteElo "1580"]
[BlackElo "2028"]
[PlyCount "68"]
[EventDate "2008.07.05"]
[EventType "swiss"]
[EventRounds "9"]
[EventCountry "AUT"]
[SourceTitle "EXT 2024"]
[Source "ChessBase"]
[SourceDate "2023.10.10"]
[SourceVersion "1"]
[SourceVersionDate "2023.10.10"]
[SourceQuality "1"]

1. d4 Nf6 2. c4 c5 3. d5 e6 4. Nc3 exd5 5. cxd5 d6 6. e4 g6 7. Be2 Bg7 8. Nf3 0-0 9. 0-0 Na6 10. a3 Nc7 11. Re1 a6 12. a4 Rb8 13. a5 b5 14. axb6 Rxb6 15. Nd2 Nb5 16. Bxb5 axb5 17. Nb3 Ng4 18. h3 Ne5 19. Qc2 Qh4 20. Qe2 b4 21. Nd1 Bd7 22. Ra5 Rfb8 23. Qc2 c4 24. Nd2 b3 25. Qb1 Nd3 26. Rf1 Re8 27. Nxc4 Nxc1 28. Qxc1 Bd4 29. Qd2 Rxe4 30. Nde3 Bxh3 31. Ra8+ Kg7 32. Nxb6 Qg5 33. Nf5+ Qxf5 34. Re1 Qg4 0-1

[Event "St Veit op-B 27th"]
[Site "St Veit"]
[Date "2008.07.08"]
[Round "?"]
[White "Saxer, Bernhard"]
[Black "Sommer, Artur"]
[Result "0-1"]
[WhiteElo "2028"]
[BlackElo "1960"]
[PlyCount "108"]
[EventDate "2008.07.05"]
[EventType "swiss"]
[EventRounds "9"]
[EventCountry "AUT"]
[SourceTitle "EXT 2024"]
[Source "ChessBase"]
[SourceDate "2023.10.10"]
[SourceVersion "1"]
[SourceVersionDate "2023.10.10"]
[SourceQuality "1"]

1. e4 Nf6 2. d3 e5 3. Nf3 Nc6 4. Be2 d6 5. 0-0 Be7 6. c3 0-0 7. Nbd2 d5 8. exd5 Nxd5 9. Re1 Nf4 10. Nc4 Nxe2+ 11. Rxe2 f6 12. h3 Kh8 13. Be3 Be6 14. b3 b5 15. Nb2 Bd5 16. Ne1 Be6 17. d4 e4 18. Qc2 f5 19. Rd1 Bd7 20. d5 Ne5 21. Bd4 Ng6 22. c4 Bg5 23. Qc3 Rf7 24. g3 Bf6 25. Kh2 Re7 26. Bxf6 gxf6 27. Qxf6+ Rg7 28. Qxd8+ Rxd8 29. f3 f4 30. fxe4 fxg3+ 31. Kxg3 Bxh3 32. e5 Rf8 33. Kh2 Bg4 34. Rdd2 Bxe2 35. Rxe2 Rf5 36. Nbd3 bxc4 37. bxc4 Rh5+ 38. Kg3 Nxe5+ 39. Kf4 Rf7+ 40. Ke4 Nxc4 41. Kd4 Nd6 42. Ne5 Rf4+ 43. Kd3 Rh3+ 44. Kc2 Re4 45. Nf7+ Kg7 46. Rxe4 Nxe4 47. Nd8 Nc5 48. Nc6 a6 49. Nd4 Rh2+ 50. Kc3 Rxa2 51. Kc4 Nd7 52. Ne6+ Kf6 53. Nxc7 h5 54. Ne8+ Kg5 0-1

[Event "AUT-ch qual"]
[Site "Koeflach"]
[Date "2006.09.06"]
[Round "5"]
[White "Brunner, Gerhard"]
[Black "Saxer, Bernhard"]
[Result "0-1"]
[WhiteElo "2027"]
[BlackElo "2057"]
[PlyCount "48"]
[EventDate "2006.09.02"]
[EventType "swiss"]
[EventRounds "9"]
[EventCountry "AUT"]
[SourceTitle "CBM 114 Extra"]
[Source "ChessBase"]
[SourceDate "2006.11.03"]
[SourceVersion "1"]
[SourceVersionDate "2006.11.03"]
[SourceQuality "1"]

1. e4 e5 2. Nf3 d6 3. d4 exd4 4. Nxd4 Nf6 5. Nc3 Be7 6. Bf4 0-0 7. Qd2 Nbd7 8. 0-0-0 Ne5 9. f3 c6 10. g4 Qc7 11. Be2 b5 12. Nf5 Bxf5 13. exf5 b4 14. Ne4 d5 15. Ng3 Bd6 16. Kb1 Nc4 17. Bxc4 Bxf4 18. Qxb4 Rab8 19. Qa4 dxc4 20. Qxc4 Be5 21. b3 Nd5 22. Rd3 Qa5 23. Ne2 Nb4 24. Rdd1 Qxa2+ 0-1